[Event "Thursday Knighter II: OPEN"]
[Site "Minneapolis, MN"]
[Date "2018.02.08"]
[Round "2.5"]
[White "Wijetunge, Ivan"]
[Black "Myrin, Norman"]
[Result "0-1"]
[WhiteElo "2055"]
[BlackElo "1974"]

1. d4 d5 2. Bf4 Nf6 3. e3 c6 4. Bd3 Bg4 5. f3 Bh5 6. Nd2 Bg6 7. Ne2 Nbd7 8. g4
Bxd3 9. cxd3 h6 10. Qb3 Qb6 11. Kf2 e6 12. h4 h5 13. g5 Nh7 14. Rac1 g6 15.
Nc3 f6 16. Na4 Qxb3 17. Nxb3 fxg5 18. hxg5 Be7 19. Rhg1 O-O 20. Na5 Rf5 21.
Nxb7 Raf8 22. Rg3 e5 23. dxe5 Nxe5 24. Bxe5 Rxe5 25. Rxc6 Nxg5 26. Ke2 Kh7 27.
d4 Re6 28. Rc7 Kh6 29. Nc3 Bd6 30. Nxd6 Rxd6 31. f4 Ne4 32. Nxe4 dxe4 33. Rg2
Rb6 34. Kd1 Ra6 35. a3 Re8 36. Kc1 Ra5 37. Rc6 Rg8 38. Kb1 h4 39. Ka2 (39. Re6
{ Norm's games score states, 39. h3 as he is missing a move here. The rest of
the game may be incorrect.} h3 40. Rh2 Rh5 41. Re7 Rh4 42. b4 Kh5 43. Rxe4 Kg4
44. Re5 Kg3 45. Rh1 Kg2 46. Rc1 Rg4 47. Rc2+ Kg3 48. e4 Rh4 49. Rec5 h2 50.
R5c3+ Kxf4) 39... h3 40. Rh2 Rh5 41. Re6 Rh4 42. b4 Kh5 43. Rxe4 Kg4 44. Re5
Kg3 45. Rh1 Kg2 46. Rc1 {Ivan's games score that he sent me ended here. I used
the moves from Norm's to complete the game.} Rg4 47. Rc2+ Kg3 48. e4 Rh4 49.
Rec5 h2 50. R5c3+ Kxf4 {#R} 0-1

[Event "Thursday Knighter II: OPEN"]
[Site "Minneapolis, MN"]
[Date "2018.02.08"]
[Round "2.6"]
[White "Lochridge, Charles"]
[Black "Juntunen, Steven"]
[Result "1-0"]
[WhiteElo "1209"]
[BlackElo "2133"]

1. e4 e5 2. Nf3 Nc6 3. d4 exd4 4. Nxd4 Nf6 5. Nc3 Bb4 6. Nxc6 bxc6 7. Bd3 O-O
8. O-O Bxc3 9. bxc3 d5 10. e5 Ne4 11. Bxe4 dxe4 12. Qd4 Bf5 13. Be3 Qxd4 14.
cxd4 a6 15. Rab1 Rab8 16. a3 Be6 17. Rfc1 Ba2 18. Rb4 Rb6 19. Ra4 Rfb8 20. h3
Ra8 21. Ra5 Bc4 22. Kh2 Kf8 23. Rc5 Bb5 24. Kg3 Ke7 25. Kf4 f5 26. Kxf5 Rf8+
27. Kxe4 Ke6 28. c4 Ba4 29. Ra5 Bb3 30. d5+ cxd5+ 31. cxd5+ Bxd5+ 32. Rxd5 Rb7
33. Rc6+ Ke7 34. Bc5+ Ke8 35. Bxf8 Kxf8 36. Rxa6 Ke7 37. f4 Rb1 38. Rd3 Re1+
39. Kd5 Rf1 40. Rf3 Rd1+ 41. Ke4 Re1+ 42. Kf5 g6+ 43. Kg5 Rc1 44. Kh6 c5 45.
Kxh7 c4 46. Kxg6 c3 47. Rc6 Rg1 48. Rcxc3 Rxg2+ 49. Rg3 Rf2 50. Rgf3 Rg2+ 51.
Kh5 Ke6 52. Rg3 Rf2 53. Rcf3 Re2 54. Rg6+ Kf5 55. Rf6+ Ke4 56. Rg3 Rf2 57. e6
Rb2 58. e7 Rb5+ 59. Rg5 Rb8 60. Rf8 Rxf8 {#r} 1-0

[Event "Thursday Knighter II: OPEN"]
[Site "Minneapolis, MN"]
[Date "2018.02.08"]
[Round "2.7"]
[White "Heinisch, Steven"]
[Black "Buyukdag, Yusuf"]
[Result "0-1"]
[WhiteElo "1300"]
[BlackElo "1102"]

1. e4 c5 2. Nf3 Nc6 3. d4 cxd4 4. Nxd4 g6 5. Be2 Bg7 6. c3 Nf6 7. Nxc6 bxc6 8.
e5 Ng8 9. Bf4 Qc7 10. Qd4 e6 11. O-O Ne7 12. Nd2 Nf5 13. Qe4 Bb7 14. Nc4 Rc8
15. Rfd1 c5 16. Qd3 Bd5 17. Bf3 Bxf3 18. Qxf3 Qc6 19. Nd6+ Nxd6 20. Rxd6 Qxf3
21. gxf3 g5 22. Bg3 h5 23. h3 c4 24. Rad1 Rc7 25. Ra6 Ke7 26. h4 Bh6 27. hxg5
Bxg5 28. f4 h4 29. fxg5 hxg3 30. fxg3 Rg8 31. Kf2 Rxg5 32. Re1 Rg8 {White's
time expired.} {#R} 0-1

[Event "Thursday Knighter II: PREMIER"]
[Site "Minneapolis, MN"]
[Date "2018.02.15"]
[Round "3.1"]
[White "Zelkind, Eduard"]
[Black "Britt, Thomas"]
[Result "1-0"]
[WhiteElo "2200"]
[BlackElo "1460"]

1. Nf3 Nf6 2. g3 c5 3. c4 Nc6 4. Bg2 d5 5. cxd5 Nxd5 6. Nc3 Nc7 7. d3 e5 8.
O-O Be7 9. Be3 O-O 10. Rc1 Bg4 11. Nd2 Qd7 12. Re1 Rac8 13. Qa4 Bh3 14. Bxc6
bxc6 15. Nce4 Nd5 16. Bxc5 f5 17. Bxe7 Qxe7 18. Nc5 h5 19. Qc4 Kh8 20. Nf3 Rb8
21. Qh4 Qxh4 22. Nxh4 Rfe8 23. Nd7 Rxb2 24. Ng6+ Kh7 25. Ngxe5 Nf6 26. Nxf6+
gxf6 27. Nxc6 Rexe2 28. Rxe2 Rxe2 29. a4 Ra2 30. a5 f4 31. d4 Kg7 32. d5 Rd2
33. Nxa7 Rxd5 34. Nc6 Rd2 35. Ra1 Bg4 36. a6 Bf3 37. Na5 Rc2 38. Nb3 Bd5 39.
Nd4 Rb2 40. a7 f3 41. h3 h4 42. gxh4 Rd2 43. Nf5+ Kf7 44. a8=Q Bxa8 45. Rxa8
Ke6 46. Ra5 Rd8 47. Kh2 Rg8 48. Nd4+ {#r} 1-0

[Event "Thursday Knighter II: PREMIER"]
[Site "Minneapolis, MN"]
[Date "2018.02.15"]
[Round "3.2"]
[White "Hoover, Nathan"]
[Black "Louie, Terry"]
[Result "1-0"]
[WhiteElo "1979"]
[BlackElo "1506"]

1. e4 e5 2. f4 Bc5 3. Nf3 d6 4. c3 Nf6 5. d4 exd4 6. cxd4 Bb4+ 7. Bd2 Bxd2+ 8.
Nbxd2 O-O 9. Bd3 Re8 10. O-O Nc6 11. Rc1 Bg4 12. d5 Nd4 13. Qa4 Nxf3+ 14. Nxf3
b5 15. Qd4 Nh5 16. e5 Bxf3 17. Rxf3 dxe5 18. fxe5 Qg5 19. Rxc7 Qxe5 20. Qxe5
Rxe5 21. Rfxf7 Rxd5 22. Be2 Re8 23. Bf3 Rg5 24. h4 Rge5 25. g4 Nf6 26. Rxg7+
Kh8 27. g5 Nd5 28. Rxh7+ Kg8 29. Rcg7+ Kf8 30. Rf7+ Kg8 31. Rhg7+ Kh8 32. h5
Nb6 33. h6 Re3 34. Rh7+ Kg8 35. Rfg7+ Kf8 36. Rh8# 1-0

[Event "Thursday Knighter II: PREMIER"]
[Site "Minneapolis, MN"]
[Date "2018.02.15"]
[Round "3.4"]
[White "Wijetunge, Ivan"]
[Black "Marquina, Efrain"]
[Result "0-1"]
[WhiteElo "2055"]
[BlackElo "1645"]

1. d4 Nf6 2. Bf4 e6 3. e3 d5 4. Bd3 Bd6 5. Bg3 Qe7 6. Nf3 Nbd7 7. Ne5 c5 8. c3
cxd4 9. exd4 O-O 10. O-O Rd8 11. Nd2 Nf8 12. Bh4 Ng6 13. Bg5 Bxe5 14. dxe5
Nxe5 15. Bc2 b6 16. Qe2 Ned7 17. f4 Bb7 18. Nf3 Qc5+ 19. Kh1 Re8 20. Ne5 Rac8
21. Rad1 Bc6 22. Bd3 Rc7 23. Rfe1 Nxe5 24. Qxe5 Ng4 25. Qd4 Qxd4 26. cxd4 Nf2+
27. Kg1 Nxd1 28. Rxd1 Bb7 29. f5 exf5 30. Bf4 Rce7 31. Kf2 g6 32. h4 h5 33.
Bg5 Re6 34. Rc1 Rc8 35. Rxc8+ Bxc8 36. Bd2 Kg7 37. Kg3 Bd7 38. Kf3 b5 39. b4
Ra6 40. Bb1 Ra3+ 41. Kf2 f6 42. Ke2 Rg3 43. Kf2 Rg4 44. g3 Rxd4 45. Ke3 Rg4
46. Kf2 g5 47. hxg5 fxg5 48. Bc2 Kg6 49. Bd1 Rd4 50. Ke3 Rxd2 51. Kxd2 h4 52.
gxh4 g4 53. Ke3 Kh5 54. Kf4 Kxh4 55. Be2 Kh3 56. Bf1+ Kh2 57. a3 g3 {#R} 0-1

[Event "Thursday Knighter II: OPEN"]
[Site "Minneapolis, MN"]
[Date "2018.02.15"]
[Round "3.1"]
[White "Melander, Robert"]
[Black "Heinisch, Michael"]
[Result "1-0"]
[WhiteElo "1541"]
[BlackElo "1300"]

1. e4 e5 2. Nf3 Nc6 3. Bc4 Bc5 4. c3 a6 5. d4 exd4 6. cxd4 Bb4+ 7. Bd2 Qe7 8.
Qe2 d6 9. Bxb4 Nxb4 10. a3 Nc6 11. h3 f6 12. O-O Nh6 13. Nc3 Nf7 14. Rfe1 Na5
15. Ba2 O-O 16. Rac1 Qd8 17. b4 Nc6 18. d5 Nce5 19. Nd4 Qe7 20. f4 Ng6 21. Qf3
Bd7 22. Nf5 Qd8 23. g4 Ne7 24. Ne2 Re8 25. Rc3 a5 26. bxa5 Rxa5 27. Rec1 Ra4
28. Neg3 g6 29. Nxe7+ Rxe7 30. Qf2 Bb5 31. Qb2 c6 32. Qc2 c5 33. Rb1 Ba6 34.
Qxa4 {#r} 1-0

[Event "Thursday Knighter II: OPEN"]
[Site "Minneapolis, MN"]
[Date "2018.02.15"]
[Round "3.2"]
[White "Sorlie, Mark"]
[Black "McGrath, Dennis"]
[Result "1-0"]
[WhiteElo "2025"]
[BlackElo "1645"]

1. d4 d5 2. Bf4 Nf6 3. e3 Bf5 4. c4 e6 5. Nc3 a6 6. Qb3 b6 7. Nf3 Bd6 8. Ne5
dxc4 9. Bxc4 O-O 10. h3 b5 11. Be2 c5 12. dxc5 Bxc5 13. Rd1 Qb6 14. Bf3 Ra7
15. O-O Nfd7 16. Nxd7 Rxd7 17. Rxd7 Nxd7 18. Rd1 Rd8 19. Be4 Bxe4 20. Nxe4 Be7
21. Bd6 Kf8 22. Qc3 Nf6 23. Bxe7+ Kxe7 24. Qb4+ Ke8 25. Nd6+ Rxd6 26. Qxd6 Nd5
27. Qxb6 Nxb6 28. b3 Ke7 29. e4 f6 30. f4 Nd7 31. Kf2 e5 32. f5 Nb6 33. g4 h6
34. Ke3 Nc8 35. a3 Nd6 36. Rd5 Kd7 37. a4 Kc6 38. axb5+ axb5 39. Kd3 Nb7 40.
Kc3 Nc5 41. Kb4 Nxe4 42. Rxb5 Nf2 43. Rc5+ Kd6 44. Kc4 e4 45. Rd5+ Kc7 46. b4
e3 47. Rc5+ Kb7 48. Rb5+ Kc7 49. Ra5 e2 50. Ra7+ Kd8 51. Ra8+ Kd7 52. Ra7+ Kd6
53. Ra6+ Ke7 54. Re6+ Kd7 55. Rxe2 Nxh3 56. Re4 Ng5 57. Rd4+ Kc7 58. Kc5 Nf3
59. Rd1 Ne5 60. Rg1 Nd3+ 61. Kb5 Kb7 62. Rd1 Ne5 63. Rd4 Nf3 64. Rd7+ Kb8 65.
Kb6 Kc8 66. Rxg7 Ne5 67. b5 Nc4+ 68. Kc5 Ne5 69. Kd6 Nc4+ 70. Ke6 Nb6 71. Kxf6
Nd5+ 72. Kg6 Nf4+ 73. Kxh6 Nd5 74. g5 Ne3 75. Rf7 Ng4+ 76. Kh7 Ne5 77. g6 Nf3
78. g7 {#r} 1-0

[Event "Thursday Knighter II: OPEN"]
[Site "Minneapolis, MN"]
[Date "2018.02.15"]
[Round "3.3"]
[White "Svenson, Michael"]
[Black "Wisniewski, Vincent"]
[Result "0-1"]
[WhiteElo "1528"]
[BlackElo "1432"]

1. e4 Nf6 2. e5 Nd5 3. d4 d6 4. c4 Nb6 5. exd6 cxd6 6. Nc3 g6 7. Be3 Bg7 8. h3
O-O 9. Nf3 Nc6 10. a3 d5 11. c5 Nc4 12. Bxc4 dxc4 13. d5 Ne5 14. Nxe5 Bxe5 15.
Bd4 Bb8 16. Qe2 b6 17. Qxc4 bxc5 18. Qxc5 Bd6 19. Qc4 Bf5 20. b4 h5 21. O-O
Qd7 22. Rfe1 Rfc8 23. Qb3 Bd3 24. Rac1 Qf5 25. Na4 Rxc1 26. Rxc1 Qf4 27. Rc8+
Rxc8 28. Qxd3 Rc1+ {#R} 0-1

[Event "Thursday Knighter II: OPEN"]
[Site "Minneapolis, MN"]
[Date "2018.02.15"]
[Round "3.5"]
[White "Myrin, Norman"]
[Black "Buyukdag, Yusuf"]
[Result "1/2-1/2"]
[WhiteElo "1974"]
[BlackElo "1102"]

1. d4 Nf6 2. c4 e6 3. Nc3 Bb4 4. Bd2 c5 5. a3 Bxc3 6. bxc3 cxd4 7. cxd4 Nc6 8.
Nf3 Ne4 9. e3 O-O 10. Bd3 f5 11. Qc2 Nxd2 12. Qxd2 b6 13. e4 fxe4 14. Bxe4 d5
15. Bd3 Qf6 16. cxd5 exd5 17. O-O Bf5 18. Bxf5 Qxf5 19. Rfe1 Rf6 20. Ne5 Raf8
21. Nxc6 Rxc6 22. Re2 Rg6 23. Qe3 Qg4 24. g3 Rgf6 25. Qe5 Kh8 26. Rae1 Qf3 27.
Qe3 Kg8 28. Qe5 h5 29. Qe3 Qxe3 30. fxe3 Rf3 31. a4 g6 32. e4 Rd3 33. exd5
Rxd4 34. Re6 Rxd5 35. Rxg6+ Kf7 36. Ree6 Ra5 37. Rgf6+ Kg7 38. Rg6+ Kf7 39.
Rgf6+ {#d} 1/2-1/2

[Event "Thursday Knighter II: OPEN"]
[Site "Minneapolis, MN"]
[Date "2018.02.15"]
[Round "3.6"]
[White "Khann, Riaz"]
[Black "Lothrop, Bill"]
[Result "1-0"]
[WhiteElo "1506"]
[BlackElo "1209"]

1. e4 g6 2. d4 Bg7 3. Nf3 d6 4. Bd3 Nd7 5. O-O e5 6. c3 Ngf6 7. Bg5 h6 8. Bh4
g5 9. Bg3 Nh5 10. dxe5 Nxg3 11. fxg3 Nxe5 12. Nxe5 Bxe5 13. Qa4+ c6 14. Nd2
Qb6+ 15. Kh1 Qxb2 16. Nc4 Qxc3 17. Nxe5 Qxe5 18. Bc4 Be6 19. Bxe6 fxe6 20. Qb3
O-O-O 21. Rab1 b5 22. Rbc1 Qxe4 23. Qxb5 c5 24. Rb1 Rh7 25. Qb8+ Kd7 26. Qxa7+
Ke8 27. Qb6 Rf7 28. Qb5+ Kf8 29. Rxf7+ Kxf7 30. Rf1+ Ke7 31. Qa5 Qc6 32. Qc3
e5 33. Qd3 e4 34. Qc3 Kd7 35. Rf7+ Kc8 36. Qa5 d5 37. Ra7 Kb8 38. Ra6 Qxa6 39.
Qxa6 Kc7 40. Qa5+ Kd7 41. Qxc5 Ke6 42. Qd4 Rc8 43. a4 Rc4 44. Qb6+ Ke5 45.
Qb2+ Kd6 46. a5 d4 47. a6 Kc5 48. a7 Ra4 49. Qc2+ Kb6 50. Qxa4 {#r} 1-0

[Event "Thursday Knighter II: OPEN"]
[Site "Minneapolis, MN"]
[Date "2018.02.15"]
[Round "3.7"]
[White "Juntunen, Steven"]
[Black "Heinisch, Steven"]
[Result "1/2-1/2"]
[WhiteElo "2133"]
[BlackElo "1300"]

1. e4 e5 2. Nf3 Nc6 3. Bb5 a6 4. Ba4 Nf6 5. O-O Nxe4 6. Re1 b5 7. Rxe4 bxa4 8.
Nxe5 Nxe5 9. Rxe5+ Be7 10. c3 d6 11. Re1 Bd7 12. Qe2 Be6 13. d4 d5 14. Bf4 O-O
15. Nd2 Re8 16. Nf3 Bd6 17. Qd2 Qd7 18. Ne5 Bxe5 19. Bxe5 f6 20. Bg3 Re7 21.
Re3 Rae8 22. Rae1 Bf5 23. Qe2 Rxe3 24. fxe3 Qb5 25. Qxb5 axb5 26. Bxc7 Kf7 27.
Bd6 Ke6 28. Bb4 g6 29. Kf2 Kf7 30. h3 h5 31. Rg1 Re4 32. Kf3 Be6 33. g4 hxg4+
34. hxg4 Kg7 35. Bd6 Bd7 36. g5 fxg5 37. Rxg5 Be6 38. Re5 Rxe5 39. Bxe5+ Kf7
40. Kf4 Bf5 41. b3 axb3 42. axb3 Bc2 43. b4 Bd3 44. e4 Bxe4 45. Bc7 Ke6 46.
Ke3 g5 47. Bd8 g4 48. Kf4 Bf3 49. Bb6 Be2 50. Ke3 Bf1 51. Kf4 Be2 52. Ke3 Bf1
53. Kf4 Be2 54. Ke3 {#d} 1/2-1/2

[Event "Thursday Knighter II: PREMIER"]
[Site "Minneapolis, MN"]
[Date "2018.02.22"]
[Round "4.1"]
[White "Zelkind, Eduard"]
[Black "Hoover, Nathan"]
[Result "1/2-1/2"]
[WhiteElo "2200"]
[BlackElo "1979"]

1. Nf3 d5 2. c4 e6 3. g3 Nf6 4. Bg2 c5 5. cxd5 exd5 6. O-O Nc6 7. d4 Be7 8.
dxc5 Bxc5 9. Nbd2 d4 10. Nb3 Bb6 11. Qd3 Be6 12. Rd1 Bxb3 13. Qxb3 Qe7 14. Bg5
O-O 15. Bf1 h6 16. Bf4 Rfd8 17. Rac1 Rd7 18. a3 Rad8 19. Rd3 Ne4 20. Qa2 g5
21. Bd2 Nc5 22. Ne1 Nxd3 23. Nxd3 Ne5 24. Ne1 Qf6 25. Bg2 Re8 26. h3 Ng6 27.
Bf1 Qe6 28. Qxe6 fxe6 29. Bg2 Ne5 30. Be4 Rc7 31. Rd1 Rec8 32. Kg2 Nc4 33. Nd3
Nxd2 34. Rxd2 Rc2 35. Rxc2 Rxc2 36. Kf3 Rc7 37. Ne5 Kg7 38. Bd3 a6 39. a4 Ba7
40. Ke4 Rc1 41. b3 Rh1 42. Bc4 Kf6 43. Ng4+ Ke7 44. Nxh6 Rxh3 45. Ng4 Rh1 46.
f4 gxf4 47. gxf4 Rh4 48. Ne5 Rh3 49. Nf3 Rh6 {#d} 1/2-1/2

[Event "Thursday Knighter II: PREMIER"]
[Site "Minneapolis, MN"]
[Date "2018.02.22"]
[Round "4.2"]
[White "Britt, Thomas"]
[Black "Marquina, Efrain"]
[Result "1/2-1/2"]
[WhiteElo "1460"]
[BlackElo "1645"]

1. d4 Nf6 2. c4 c5 3. d5 e6 4. Nc3 exd5 5. cxd5 d6 6. e4 g6 7. f4 Bg7 8. Bb5+
Nfd7 9. a4 O-O 10. Nf3 Na6 11. O-O Nb4 12. Re1 a6 13. Bc4 Nb6 14. Be2 Bg4 15.
h3 Bxf3 16. Bxf3 Nc4 17. Qe2 Bd4+ 18. Kh2 Na5 19. Nd1 Nb3 20. Rb1 Nxc1 21.
Rxc1 Qf6 22. g3 Rfe8 23. Qd2 b5 24. axb5 axb5 25. Nc3 Bxc3 26. Rxc3 Ra2 27.
Re2 c4 28. e5 Qd8 29. Rce3 Nd3 30. Qc3 Qb6 31. e6 f5 32. Qf6 Rf8 33. e7 Rxf6
34. e8=Q+ Rf8 35. Qe6+ Kg7 36. Qd7+ Kh6 37. Re7 Rh8 38. Qe6 Ra1 39. Re3 Qd4
40. Qxd6 Qxb2+ 41. Re2 Qc1 42. Rxh7+ Rxh7 43. Qf8+ Rg7 44. Qh8+ Rh7 45. Qf8+
Rg7 46. Qh8+ Rh7 47. Qf8+ {#d} 1/2-1/2

[Event "Thursday Knighter II: PREMIER"]
[Site "Minneapolis, MN"]
[Date "2018.02.22"]
[Round "4.3"]
[White "Louie, Terry"]
[Black "Newhall, Peter"]
[Result "0-1"]
[WhiteElo "1506"]
[BlackElo "1067"]

1. d4 f5 2. c4 Nf6 3. Nc3 e6 4. g3 Be7 5. Bg2 O-O 6. Nf3 d6 7. O-O Ne4 8. e3
Nc6 9. Nxe4 fxe4 10. Nd2 d5 11. cxd5 exd5 12. Qb3 Kh8 13. Nb1 Na5 14. Qa4 c6
15. b4 Nc4 16. Qb3 Bg4 17. Bxe4 dxe4 18. Qxc4 Qd7 19. Re1 Qf5 20. Qf1 Rf6 21.
Nd2 Bxb4 22. Rb1 Bxd2 23. Bxd2 b6 24. Rec1 Bf3 25. d5 Qxd5 26. Bc3 Rh6 27. Rb2
Qh5 28. h4 Qf5 29. Rd2 c5 30. Kh2 Re6 31. Qb5 Re7 32. Qc6 Rf8 33. Rd5 Qf7 34.
Rg5 Qxa2 35. Kg1 Bg2 36. f4 exf3 37. Qh6 f2+ {#R} 0-1

[Event "Thursday Knighter II: OPEN"]
[Site "Minneapolis, MN"]
[Date "2018.02.22"]
[Round "4.1"]
[White "Wisniewski, Vincent"]
[Black "Melander, Robert"]
[Result "0-1"]
[WhiteElo "1432"]
[BlackElo "1541"]

1. d4 Nf6 2. c4 g6 3. Nc3 Bg7 4. e4 d6 5. Nge2 O-O 6. Ng3 e5 7. d5 Ne8 8. Be2
f5 9. Bd2 f4 10. Nf1 Nd7 11. h3 Nef6 12. Rb1 Nc5 13. Qc2 a5 14. g4 h5 15. Nh2
Bd7 16. O-O Qc8 17. f3 Kf7 18. g5 Ne8 19. h4 c6 20. Qc1 Kg8 21. Rd1 Nc7 22.
Be1 Ne8 23. Rd2 Rf7 24. Qc2 Bf8 25. Rbd1 Nc7 26. Bf2 cxd5 27. cxd5 N7a6 28.
Bxa6 Rxa6 29. b3 b5 30. a4 bxa4 31. Nxa4 Bxa4 32. bxa4 Rc7 33. Kg2 Qd7 34.
Bxc5 Rxc5 35. Qb3 Ra7 36. Rb1 Rac7 37. Nf1 Rc4 38. Qb5 Rxa4 39. Qxd7 Rxd7 40.
Rc2 Rb4 41. Rxb4 axb4 42. Nd2 Be7 43. Rb2 Rb7 44. Kf2 Bd8 45. Ke2 Rb5 46. Kd3
Bb6 47. Nb3 Kf7 48. Kc4 Bd4 49. Nxd4 Rc5+ 50. Kd3 exd4 51. Kxd4 Rc3 52. Rxb4
Rxf3 53. Rb7+ Ke8 54. Rb8+ Kd7 55. Rg8 Rh3 56. Rg7+ Ke8 57. Rxg6 Rxh4 58. Rxd6
Rg4 59. Rg6 h4 60. Ke5 f3 61. Ke6 Rxe4+ 62. Kf5 f2 63. Kxe4 f1=Q 64. Re6+ Kd7
65. Ke5 Qg2 66. Rd6+ Kc7 67. Rc6+ Kb7 68. g6 h3 69. Rf6 h2 70. Rf7+ Kb6 71. g7
h1=Q 72. Rf6+ Kb5 73. Rf7 Qxd5+ 74. Kf6 {#R} 0-1

[Event "Thursday Knighter II: OPEN"]
[Site "Minneapolis, MN"]
[Date "2018.02.22"]
[Round "4.3"]
[White "Heinisch, Michael"]
[Black "Lochridge, Charles"]
[Result "0-1"]
[WhiteElo "1300"]
[BlackElo "1209"]

1. e4 c5 2. d4 cxd4 3. c3 d3 4. Bxd3 Nc6 5. Be3 Nf6 6. Nf3 d5 7. Nbd2 e5 8.
exd5 Nxd5 9. Bg5 f6 10. Bh4 Nf4 11. Bb5 Nxg2+ 12. Ke2 Nf4+ 13. Ke1 g6 14. Bf1
Bf5 15. Nc4 Qxd1+ 16. Rxd1 Bg4 17. Nfd2 Bxd1 18. Kxd1 O-O-O 19. Kc2 g5 20. Bg3
Be7 21. f3 Nd5 22. Bf2 b5 23. Ne3 Bc5 24. Bh3+ Kb7 25. Re1 Bxe3 26. Bxe3 Nxe3+
27. Rxe3 Ne7 28. Ne4 Nd5 29. Rd3 Nf4 30. Rxd8 Rxd8 31. Bf1 Nd5 32. Be2 h6 33.
Kb3 f5 34. Nc5+ Kb6 35. Nd3 Nf4 36. Nxf4 gxf4 37. Kc2 e4 38. fxe4 fxe4 {#R}
0-1

[Event "Thursday Knighter II: OPEN"]
[Site "Minneapolis, MN"]
[Date "2018.02.22"]
[Round "4.4"]
[White "Buyukdag, Yusuf"]
[Black "Khann, Riaz"]
[Result "1-0"]
[WhiteElo "1102"]
[BlackElo "1506"]

1. d4 Nf6 2. c4 d5 3. cxd5 Qxd5 4. Nf3 h6 5. Nc3 Qd8 6. e4 Bg4 7. e5 Nd5 8. h3
Nxc3 9. bxc3 Bxf3 10. Qxf3 e6 11. Qxb7 Nd7 12. Bb5 Rc8 13. O-O Be7 14. Qc6 Rb8
15. Be3 Rxb5 16. Qxb5 O-O 17. a4 Nb6 18. c4 Bg5 19. f4 Bh4 20. a5 Nc8 21. Rfb1
Ne7 22. d5 Nf5 23. Bxa7 Bg3 24. Ra3 Qh4 25. Rf1 Bxf4 26. Bf2 Qg5 27. d6 cxd6
28. exd6 Bxd6 29. Rf3 Rb8 30. Qc6 Bf4 31. a6 Nh4 32. Bxh4 Be3+ 33. Bf2 Bxf2+
34. R3xf2 Rb3 35. a7 Rxh3 36. a8=Q+ Kh7 37. Qe4+ f5 38. Rxf5 {#r} 1-0

[Event "Thursday Knighter II: OPEN"]
[Site "Minneapolis, MN"]
[Date "2018.02.22"]
[Round "4.5"]
[White "Myrin, Norman"]
[Black "Svenson, Michael"]
[Result "0-1"]
[WhiteElo "1974"]
[BlackElo "1528"]

1. d4 d5 2. c4 c6 3. e3 Nf6 4. Nc3 e6 5. Nf3 Nbd7 6. Bd3 dxc4 7. Bxc4 b5 8.
Bd3 a6 9. O-O c5 10. dxc5 Bxc5 11. a3 Bb7 12. b4 Ba7 13. Qe2 Nd5 14. Bb2 O-O
15. Nxd5 Bxd5 16. a4 bxa4 17. Rxa4 Qe7 18. Ba3 Rab8 19. Bxa6 Bb3 20. b5 Bc5
21. Bxc5 Qxc5 22. Rd4 Nb6 23. Qb2 Bc4 24. Rc1 Rfd8 25. Qc3 Rd6 26. Rxd6 Qxd6
27. Ne5 Rd8 28. Nxc4 Qd1+ 29. Qe1 Qxe1+ 30. Rxe1 Nxc4 31. g3 Rd6 32. Rc1 Nb6
33. Bb7 Kf8 34. Rc7 Rd7 35. Rxd7 Nxd7 36. Kf1 Ke8 37. Bc6 Kd8 38. Bxd7 Kxd7
39. e4 Kc7 40. e5 Kb6 41. Ke2 Kxb5 42. Kd3 Kc5 43. Ke4 Kc4 44. h4 Kc3 45. g4
Kd2 46. f4 Ke2 47. f5 Kf2 {#R} 0-1

[Event "Thursday Knighter II: OPEN"]
[Site "Minneapolis, MN"]
[Date "2018.02.22"]
[Round "4.6"]
[White "Hale, Roger"]
[Black "Benson, Carl"]
[Result "0-1"]
[WhiteElo "1979"]
[BlackElo "1811"]

1. e4 e5 2. Nf3 d6 3. Nc3 Nc6 4. Bb5 Bd7 5. O-O Nf6 6. h3 Be7 7. d3 h6 8. Nd5
Nxd5 9. exd5 Nb8 10. Bxd7+ Nxd7 11. c4 O-O 12. Be3 f5 13. b4 b6 14. a4 Qe8 15.
Qc1 Qg6 16. Qc2 f4 17. Nh2 fxe3 18. fxe3 Rxf1+ 19. Rxf1 Rf8 20. Ra1 Qg3 21.
Qd2 Bh4 22. Rf1 Rxf1+ 23. Nxf1 Qg6 24. e4 Bg5 25. Qd1 Bf4 26. a5 Nf6 27. Qb1
Nh5 28. c5 Ng3 29. cxb6 cxb6 30. axb6 axb6 31. Qc2 Nxf1 32. Kxf1 Be3 33. Qc8+
Kh7 34. Qf5 Qxf5+ 35. exf5 b5 36. Ke2 Bd4 37. Kd2 h5 38. g4 Kh6 {#R} 0-1

[Event "Thursday Knighter II: OPEN"]
[Site "Minneapolis, MN"]
[Date "2018.02.22"]
[Round "4.7"]
[White "Lothrop, Bill"]
[Black "Landman, Kevin"]
[Result "0-1"]
[WhiteElo "1209"]
[BlackElo "1506"]

1. e4 c5 2. Nf3 e6 3. d4 cxd4 4. Nxd4 a6 5. Be3 Nf6 6. Bd3 b5 7. Nd2 Qc7 8.
O-O Bb7 9. f4 d6 10. a4 b4 11. a5 Nbd7 12. Qe1 Nc5 13. Bf2 Be7 14. Bh4 Nfxe4
15. Bxe7 Nxd2 16. Qxd2 Nxd3 17. Qxd3 Qxe7 18. Rae1 O-O 19. Nf5 Qc7 20. Qxd6
Qxc2 21. Ne3 Qxb2 22. Rb1 Qc3 23. Qb6 Be4 24. Rfc1 Qd2 25. Rd1 Rab8 26. Rxd2
Rxb6 27. axb6 Bxb1 28. Rb2 Bd3 29. Rxb4 Rb8 30. Kf2 Kf8 31. Rd4 Bb5 32. Rd6
Ke7 33. Rd4 Rxb6 34. f5 Rd6 35. Rxd6 Kxd6 36. fxe6 Kxe6 37. Nc2 Ke5 38. Ke3 a5
39. Na3 Bf1 40. g3 f5 41. h4 h6 42. Kf2 Ba6 43. Ke3 a4 44. Kf2 Ke4 45. Kg2 Bd3
46. Kf2 g6 47. Kg2 Ke3 48. Kh2 Kf3 49. Kh3 g5 50. hxg5 hxg5 51. Kh2 g4 {#R}
0-1

[Event "Thursday Knighter II: OPEN"]
[Site "Minneapolis, MN"]
[Date "2018.02.22"]
[Round "4.8"]
[White "Juntunen, Steven"]
[Black "Wijetunge, Ivan"]
[Result "0-1"]
[WhiteElo "2133"]
[BlackElo "2055"]

1. e4 d5 2. exd5 Nf6 3. Bc4 Nxd5 4. Qf3 e6 5. Nc3 c6 6. Nxd5 exd5 7. Qe3+ Be6
8. Bb3 Bd6 9. Nf3 O-O 10. O-O Re8 11. d4 (11. Qd3 g6 {Steve's game score
inaccurate at this point.}) 11... a6 12. Qd3 g6 13. Bh6 Bf5 14. Qd2 Qc7 15.
Rae1 Nd7 16. c4 Nf6 17. c5 Be7 18. Bf4 Qd8 19. Be5 Ne4 20. Qh6 Bf8 21. Qf4 Rc8
22. Bc2 f6 23. Bd6 Nxd6 24. Rxe8 Qxe8 25. cxd6 Bxc2 26. Qxf6 Qf7 27. Qxf7+
Kxf7 28. Ne5+ Kg7 29. d7 Rd8 30. Rc1 (30. Re1 {Steven's game score clearly
says Re1, but Ivan's PGN is Rc1. I don't know which is correct.} Bf5 31. Re3
Bxd7 32. Rf3 Be6 33. Rb3 Rb8 34. Nxc6 Rc8 35. Rxb7+ Kh6 36. h3 Rxc6) 30... Bf5
31. Rc3 Bxd7 32. Rf3 Be6 33. Rb3 Rb8 34. Nxc6 Rc8 35. Rxb7+ Kh6 36. h3 Rxc6
{Ivan's PGN is missing some moves. Steve's game score has 43 moves.} {#R} 0-1

[Event "Thursday Knighter III: PREMIER"]
[Site "Minneapolis, MN"]
[Date "2018.03.01"]
[Round "1.1"]
[White "Sokolovskaya, Serafima"]
[Black "Britt, Thomas"]
[Result "0-1"]
[WhiteElo "1980"]
[BlackElo "1460"]

1. e4 c5 2. Nf3 d6 3. d4 cxd4 4. Nxd4 Nf6 5. Nc3 a6 6. a4 g6 7. Be2 Bg7 8. Be3
b6 9. Bf3 e5 10. Nde2 Bb7 11. Qd2 Qc7 12. Rd1 Ke7 13. h4 h5 14. Bg5 Nbd7 15.
Ng3 Rad8 16. Nf1 b5 17. axb5 Nb6 18. Ne3 axb5 19. Nxb5 Qc5 20. Nc3 Rd7 21. O-O
Rc8 22. g3 Kf8 23. Bg2 Rb8 24. Bh3 Rdd8 25. b3 Bc8 26. Bg2 Bb7 27. Ned5 Nbxd5
28. exd5 Rdc8 29. Bxf6 Qxc3 30. Bxg7+ Kxg7 31. Qxc3 Rxc3 32. Rd2 Rbc8 33. Ra1
Rxc2 34. Rxc2 Rxc2 35. Ra7 Bc8 36. Bf1 Rc1 37. Kg2 Bh3+ 38. Kxh3 Rxf1 39. Kg2
Rd1 40. Ra5 Rd3 41. Rb5 f5 42. Kf1 Kf6 43. Ke2 e4 44. b4 Ke5 45. Rb8 Rb3 46.
Rg8 Kxd5 47. Rxg6 Rxb4 48. Rh6 Rb2+ 49. Ke3 Rb3+ 50. Ke2 Ke5 51. Rxh5 d5 52.
Rh8 Rb2+ 53. Ke1 d4 54. Rd8 d3 55. Re8+ Kf6 56. Rd8 Rb1+ 57. Kd2 Rf1 58. Ke3
Re1+ 59. Kd2 Re2+ 60. Kd1 Rxf2 61. g4 f4 62. g5+ Kg6 63. Rd4 Re2 64. Rd6+ Kg7
65. h5 f3 66. Rg6+ Kh7 67. Rh6+ Kg7 68. Rg6+ Kf7 69. Rf6+ Ke7 70. h6 d2 71. h7
e3 72. h8=Q Re1+ 73. Kc2 d1=Q+ 74. Kc3 Qd2+ 75. Kb3 Rb1+ 76. Kc4 Rc1+ 77. Kb3
Qc2+ 78. Ka3 Ra1+ 79. Kb4 Rb1+ 80. Ka3 Qb3# 0-1